Laylow - Carrière - Statistiques

Statistiques générales
  • Ce quiz a été pris 32 fois
  • Le résultat moyen est 53 sur 137
Statistiques - réponses
Hint Réponse % Correct
3 Maladresse
91%
1 .RAW
91%
10 10'
87%
3 IVERSON
87%
2022 Brûle (feat. Josman)
83%
16 ... DE BATARD (feat. Wit.)
83%
22 LOGICIEL TRISTE
83%
2 MEGATRON
83%
8 TRINITYVILLE
83%
11 VOIR LE MONDE BRÛLER
83%
12 BURNING MAN (feat. Lomepal)
78%
6 Digitalova
78%
1 Mercy
78%
20 UNE HISTOIRE ÉTRANGE
78%
9 Vent de l'est
78%
4 HILLZ (feat. S.Pri Noir)
74%
5 PLUG (feat. Jok'air)
74%
6 R9R-LINE (feat. Damso)
74%
14 SPECIAL (feat. Fousheé & Nekfeu)
74%
1 Hello .RAW-Z
70%
1 Initialisation
70%
12 QUE LA PLUIE
70%
10 Avenue
65%
19 FALLEN ANGELS (feat. slowthai)
65%
3 Gogo (feat. Jok'air)
65%
17 HELP !!!
65%
14 LONGUE VIE...
65%
15 LOST FOREST
65%
5 Médaille
65%
20 MILLION FLOWERZ
65%
4 Prince de sang-mêlé
65%
10 Swish
65%
1 UN RÊVE ÉTRANGE
65%
10 VAMONOS (feat. Alpha Wann)
65%
8 WINDOW SHOPPER PART.2 (feat. Hamza)
65%
7 Bruit de couloir
61%
3 DEHORS DANS LA NIGHT
61%
3 Elephant
61%
18 POIZON
61%
4 WINDOW SHOPPER PART.1
61%
7 Y2
61%
11 AKANIZER
57%
2 Ciudad
57%
4 Division rouge
57%
6 No Love [Oh Na] (feat. Sneazzy)
57%
2 Oto
57%
9 STUNTMEN (feat. Alpha Wann & Wit.)
57%
4 Villa sur la côte
57%
5 Visa (feat. Madd)
57%
1 Bionic
52%
9 Hi-Fi
52%
7 Lime
52%
19 NAKRé
52%
4 Pk tu m'intéresse
52%
6 Action Men (feat. Wit.)
48%
6 Amy
48%
13 + De Pluie...
48%
4 Experience
48%
3 Experience - Disco Symphony Instrumental
48%
1 Experience - Disco Symphony Version
48%
2 Experience - Disco Symphony Version Edit
48%
8 Draxter
43%
5 Enlève le shirt (Interlude) (feat. Sirklo)
43%
2024 Ice (feat. Zed)
43%
7 PIRANHA BABY
43%
5 Toyotarola
43%
2 Z-machine (feat. Wit.)
43%
2 Bonsoir Mon Vieil Ami
35%
7 Ca Va Pas Être Possible...
35%
8 Digital Vice City
35%
9 Gtmotors (feat. Aladin 135 & Wit.)
35%
8 I Don't : Need U / Know
35%
9 Mieux vaut pas regarder, Pt.1
35%
15 Mieux vaut pas regarder, Pt.2
35%
3 Amor (feat. Di-Meh)
30%
7 Bad Romance
30%
16 C'est Eux Contre Nous
30%
2020 Ciel pleure (feat. Dinos)
30%
2020 Clic clac bang bang (feat. Jok'air)
30%
2 Ignore
30%
13 Il était une fois sous l'eau
30%
21 Manuel d'utilisation
30%
6 Menu principal
30%
10 NightShop BlaBla
30%
18 Tu Comprends Maintenant ?
30%
9 Wavy
30%
2021 CINÉ CLUB (feat. Dioscures)
26%
10 Malentendu
26%
17 Tentative de reconnexion
26%
5 Tu Veux Déjà Me Dire Aurevoir ?
26%
2020 Démons (feat. Joanna)
22%
2024 DOGZ (In the Studio)
22%
2022 Pichichi Anderson (feat. Dinos)
22%
2023 Dernière ligne droite (feat. SCH)
17%
2022 .RAW Spleen (feat. Jazzy Bazz)
17%
2022 Stars (feat. Doums)
17%
2023 Tour en ville (feat. Jok'air)
17%
2022 Triste Anniversaire (feat. Dinos)
17%
2022 Dennis Rodman (feat. Laylow)
13%
2020 SANG FROID (feat. Sneazzy)
13%
2023 Vive le gang (feat. Jok'air)
13%
2023 911 (feat. Ikaz Boi)
9%
2020 À la vie à la mort (feat. Aladin 135)
9%
2022 Chicha Ski Nautique (feat. ISHA) [Walk in Paris]
9%
2024 Kawasaki (feat. S.Pri Noir)
9%
2019 Mama Mia (feat. Wit.)
9%
2017 Pourquoi (feat. Wit.)
9%
2023 Real Love (feat. Charlotte Cardin)
9%
2021 Tempête (feat. Mister V)
9%
2021 Vide (feat. Hatik)
9%
2021 Batards (feat. Koba LaD)
4%
2017 Bluetooth (feat. Sneazzy)
4%
2021 Film Fr (feat. Slimka)
4%
2019 Gangster & gentleman (feat. Jok'air)
4%
2020 Inside (feat. Madd)
4%
2017 Jenny from da Blocka (feat. Jok'air & Sneazzy)
4%
2020 Le plan (feat. S. Pri Noir)
4%
2019 Money Call (feat. Naar, Madd & Shobee)
4%
2020 Playmate (feat. Coyote Jo Bastard)
4%
8 Promi (feat. Wit.)
4%
2023 STATION II - DIGITAL EMOTIONS (feat. Prinzly)
4%
2023 Train De Vie (feat. Shobee)
4%
2019 Vroum Vroum (feat. Les Alchimistes)
4%
2018 Western Union (feat. Di-Meh)
4%
2021 Brrr (feat. Asdek, Rim'K & Vladimir Cauchemar)
0%
2017 Digital Art (feat. Wit.)
0%
2020 Elle aime (feat. Lefa)
0%
2018 Fratello (feat. Swift Guad)
0%
2020 Loco (feat. Wit.)
0%
2017 Ma belle (feat. Hyacinthe)
0%
2021 Phantom of the Paradise (feat. Bonnie Banane & Ikaz Boi)
0%
2019 Pour moi (feat. TLZ Clan)
0%
2019 | 2020 (remix) SHOK (feat. Wit.)
0%
2022 SIENTA BIEN (feat. Bhavi)
0%
2018 Slowdown (feat. Ormaz & Tortoz)
0%
2018 S.R.N.A (feat. Oggy Niz)
0%
Aucun quiz correspondant
Distribution des résultats
% des personnes avec chaque résultat
Percentile par nombre de réponses
Votre historique - résultats
Vous n’avez pas pris ce quiz